Un modelo político y económico alternativo para la región /
El documento presenta un modelo de política y economía alternativo para la región centroamericana, así como la inserción internacional, estrategias de desarrollo, las consecuencias de la inserción internacional y delimitar las desigualdades de la región.
Gorde:
| Egile nagusia: | |
|---|---|
| Formatua: | Texto |
| Hizkuntza: | Spanish |
| Argitaratua: |
San José:
Sociedad Interamericana de Planificación (SIAP). Consejo Superior Universitario Centroamericano (CSUCA). Universidad para la paz (UPAZ) ;
1984
|
| Gaiak: | |
| Etiketak: |
Etiketa erantsi
Etiketarik gabe, Izan zaitez lehena erregistro honi etiketa jartzen!
|
MARC
| LEADER | 00000 a a2200000 04500 | ||
|---|---|---|---|
| 001 | 21258 | ||
| 003 | CRAI/IIS | ||
| 005 | 20230314094253.0 | ||
| 008 | 210608s1984 cr|||||| |||| 00| 0 spa d | ||
| 020 | |a [sin ISBN] | ||
| 040 | |a Centro de Recursos para el Aprendizaje y la Investigación |c CRAI/IIS |b Español | ||
| 090 | |a 01.02.01 E79m | ||
| 100 | |a Esteva, Gustavo | ||
| 245 | |a Un modelo político y económico alternativo para la región / |c Gustavo Esteva | ||
| 260 | |a San José: |b Sociedad Interamericana de Planificación (SIAP). Consejo Superior Universitario Centroamericano (CSUCA). Universidad para la paz (UPAZ) ; |c 1984 | ||
| 300 | |a 35 páginas | ||
| 500 | |a Colección Centroamérica | ||
| 520 | 3 | |a El documento presenta un modelo de política y economía alternativo para la región centroamericana, así como la inserción internacional, estrategias de desarrollo, las consecuencias de la inserción internacional y delimitar las desigualdades de la región. | |
| 650 | 0 | 0 | |0 TESAUROS |9 3294 |a DESARROLLO |
| 650 | 0 | 0 | |9 2848 |a DESIGUALDAD REGIONAL |
| 650 | 0 | 0 | |9 143 |a ECONOMIA |
| 650 | 0 | 0 | |9 3691 |a POLITICA |
| 852 | 1 | 1 | |a 01.02.01 E79m |
| 942 | |2 ddc |c LI |h 01.02.01 E79m |k 01.02.01 |m E79m |6 010201_E79M | ||
| 999 | |c 16456 |d 16456 | ||
